00553nam a2200157 i 4500001000700000003000900007005001700016007000300033008004100036100002100077245015600098260003300254300003300287650004300320852003200363114636ES-MaACL20230906190217.0t|070316s1916 fr ||||1| fre d1 aDavignon, Henri.10aAffiches allemandes en Belgique, leur valeur d'aveu / cnouveaux textes et documents, précédés d'un avertissement au lecteur, par Henri Davignon. aParis : bHachette, c[1916] aV, 100 p. : bil. ; c24 cm. 4aGuerra mundial, 1914-1918-zBélgica. aES-MaACLjC-13249 bR.33183